| 000 | 00657nam a22002057a 4500 | ||
|---|---|---|---|
| 999 |
_c6665 _d6665 |
||
| 003 | AR-CdUCM | ||
| 008 | 190319b ||||| |||| 00| 0 spa d | ||
| 020 | _a84-8055-190-9 | ||
| 040 |
_aMUNICIPALIDAD PROVINCIAL DEL CUSCO _cBIBLIOTECA MUNICIPAL DEL CUSCO |
||
| 082 |
_a912 / _bA7 |
||
| 245 |
_aGran atlas geográfico universal / _cCultural, S.A. |
||
| 260 |
_aMadrid : _bCultural , _c1997. |
||
| 300 |
_bil. col., mapas _c35 cm |
||
| 505 | _aContenido : Atlas Geografico del Perú -- Geografia del Perú... | ||
| 650 |
_aGeografia General _915590 |
||
| 650 |
_aAtlas Geografico _918752 |
||
| 650 |
_aGeografia _9318 |
||
| 942 |
_2ddc _cLIBROS |
||
| 945 | _artm | ||